| 000 | 00371 a2200169 4500 | ||
|---|---|---|---|
| 001 | 186566 | ||
| 020 | _a85-11-30006-6 | ||
| 040 | _cMagnum | ||
| 100 | _aLobato, Monteiro | ||
| 240 | 1 | 0 |
_aO nascimento do Visconde _lpor |
| 245 | 1 | 0 | _aO nascimento do Visconde |
| 300 | _a22 | ||
| 362 | 0 | _a1999 | |
| 440 | 1 | _aBrasiliense | |
| 697 | _aLITERATURA INFANTO | ||
| 942 | _cBK | ||
| 999 |
_c186566 _d186566 |
||